000 01690nam a2200241 4500
005 20181212135528.0
008 181212s1936 ck ||||| |||| 001 0 spa d
040 _aCO-BoUCM
_bspa
_cSandra Yazo
_dSandra Yazo
041 _afre
082 0 4 _220
_a986.1
092 _aE47N057
100 1 _aZawadzky C., Alfonso
_995002
245 1 0 _aDon Sebastian de Belalcazar y la fundación de Cali 1536 - 1936
260 _aCali (Colombia)
_bImprenta del departamento
_c1936
300 _a143 páginas
_c24 x 17 cm
500 _aDetalles físicos: Encuadernación rígida (holandesa) en cartón duro forrado en papel jaspeado con lomo de tela texturizada y adornos en dorado. Guardas. Anteportada. Portada impresa en una sola tinta, con marca tipográfica del editor. Hoja satinada con escudo (de Cali) en colores. Dedicatoria. Hoja con retrato de Belalcázar. Texto impreso en una columna. Cenefas decorativas. Índice. Algunas ilustraciones entre el texto. Tapas con deterioro en esquinas y residuos de cinta pegante. En portada, nota de donación manuscrita
505 0 _aParadoja de un origen humilde ; Belalcázar en América ; Belalcázar, compadre de Diego de Almagro ; De Nicaragua a Piura ; Los rumbos cronológicos de una marcha ; La relación de Pascual de Andagoya ; Regresa Belalcázar a Quito en 1537 ; Las cartas de Belalcázar ; Memoriales de servicios ; La grafía del apellido Belalcázar ; Testamento y muerte de Belalcázar ; Notas
506 _aConsulta en sala
600 1 4 _aBelalcázar, Sebastián de
_d1490-1551
_xBiografía
_995003
651 0 4 _926592
_aCali (Colombia)
_xHistoria
690 _aHistoria de Colombia
_926508
942 _2LOCAL
_cLIBRO
_e1
_hE47N057
999 _c311374
_d311374